<?xml version="1.0" encoding="UTF-8"?>
<record
    xmlns:xsi="http://www.w3.org/2001/XMLSchema-instance"
    xsi:schemaLocation="http://www.loc.gov/MARC21/slim http://www.loc.gov/standards/marcxml/schema/MARC21slim.xsd"
    xmlns="http://www.loc.gov/MARC21/slim">

  <leader>01172nam a22001937a 4500</leader>
  <controlfield tag="005">20240703165610.0</controlfield>
  <datafield tag="010" ind1=" " ind2=" ">
    <subfield code="a">ENG-140740</subfield>
  </datafield>
  <datafield tag="020" ind1=" " ind2=" ">
    <subfield code="c">1595.00</subfield>
    <subfield code="a">9788194737964</subfield>
  </datafield>
  <datafield tag="035" ind1=" " ind2=" ">
    <subfield code="a">EN-124272</subfield>
  </datafield>
  <datafield tag="037" ind1=" " ind2=" ">
    <subfield code="b">DBAD</subfield>
  </datafield>
  <datafield tag="082" ind1=" " ind2=" ">
    <subfield code="a">668.1</subfield>
  </datafield>
  <datafield tag="100" ind1=" " ind2=" ">
    <subfield code="a">Gupta, Ajay Kumar</subfield>
    <subfield code="9">68079</subfield>
  </datafield>
  <datafield tag="245" ind1=" " ind2=" ">
    <subfield code="a">Soaps, Detergents and Disinfectants Technology Handbook</subfield>
    <subfield code="b">(Washing Soap: Laundry Soap Formulation, Antiseptic and Germicidal Liquid Soap, Manufacturing Process And Formulations Of Various Soaps, Handmade Soap, Detergent Soap, Liquid Detergent, Detergent Powder, Application and Formulae Of Detergents, Detergent Bar, Detergents Of Various Types, Formulating Liquid Detergents, Phenyl, Floor Cleaner, Toilet Cleaner, Mosquito Coils, Naphthalene Balls, Air Freshener (Odonil Type), Liquid Hand Wash and Soaps, Hand Sanitizer, Aerosols&#x2013;Water and Oil Based Insecticide)</subfield>
  </datafield>
  <datafield tag="250" ind1=" " ind2=" ">
    <subfield code="a">First</subfield>
  </datafield>
  <datafield tag="260" ind1=" " ind2=" ">
    <subfield code="a">Delhi</subfield>
    <subfield code="b">NIIR PROJECT CONSULTANCY SERVICES</subfield>
    <subfield code="c">2022</subfield>
  </datafield>
  <datafield tag="270" ind1=" " ind2=" ">
    <subfield code="a">106-E, Kamla Nagar,</subfield>
    <subfield code="b">Delhi</subfield>
    <subfield code="e">110007</subfield>
    <subfield code="k">+911123843955</subfield>
    <subfield code="k">+911123845886</subfield>
    <subfield code="k">+911123845654</subfield>
    <subfield code="l">+911123845886</subfield>
    <subfield code="m">info@niir.org</subfield>
    <subfield code="m">npcs.india@gmail.com</subfield>
  </datafield>
  <datafield tag="300" ind1=" " ind2=" ">
    <subfield code="a">xx, 452p.</subfield>
    <subfield code="c">21cm (pb)</subfield>
  </datafield>
  <datafield tag="942" ind1=" " ind2=" ">
    <subfield code="2">ddc</subfield>
    <subfield code="c">EN</subfield>
    <subfield code="h">668.1</subfield>
    <subfield code="m">Gup</subfield>
  </datafield>
  <datafield tag="999" ind1=" " ind2=" ">
    <subfield code="c">203926</subfield>
    <subfield code="d">203926</subfield>
  </datafield>
</record>
